| 000 | 00936nam1a22002651i 4500 | ||
|---|---|---|---|
| 001 | rc\2872115 | ||
| 005 | 20240921135217.0 | ||
| 035 | _a(NLR Aleph) 007025419 | ||
| 090 |
_a5950181 _c5950181 |
||
| 100 | _a20110715d1928 |||y0rusy50 ca | ||
| 101 | 0 | _arus | |
| 102 | _aRU | ||
| 105 | _ay z ||||| | ||
| 200 | 1 |
_aЛисьи горы _eБайки ... |
|
| 205 | _a2-е изд. | ||
| 210 |
_aМосква _cМоск. т-во писателей _d1928 _gтипо-литогр. "Вестник Ленингр. облисполкома" |
||
| 215 | _d18х13 см | ||
| 300 | _aОбл.: Константин Казанский | ||
| 700 | 1 |
_aВолков _bМ. И. _cписатель _f1886-1946 _gМихаил Иванович _9209834 _3RU\NLR\AUTH\770209888 |
|
| 702 | 1 |
_aКазанский _bК. _gКонстантин _4570 |
|
| 801 | 0 |
_aRU _bNLR _gpsbo |
|
| 801 | 1 |
_aRU _bELAR _2rusmarc |
|
| 852 |
_aNLR _j19/1012 |
||
| 942 | _cBOOK | ||